Statistiques concernant Conjugaison - Céder

Cliquez ici pour prendre le quiz!

Statistiques générales

  • Ce quiz a été pris 16 fois
  • Le résultat moyen est 62 sur 98

Statistiques - réponses

TempsPronomsVerbe% Correct
Indicatif passé composéIl/Elle/Ona cédé
100%
Indicatif passé composéJeai cédé
100%
Indicatif passé composéTuas cédé
100%
Indicatif passé composéVousavez cédé
100%
Indicatif passé composéNousavons cédé
100%
Indicatif imparfaitIls/Ellescédaient
100%
Indicatif imparfaitTucédais
100%
Indicatif imparfaitJecédais
100%
Indicatif imparfaitIl/Elle/Oncédait
100%
Indicatif présentJecède
100%
Indicatif présentIl/Elle/Oncède
100%
Indicatif présentIls/Ellescèdent
100%
Indicatif présentTucèdes
100%
Indicatif présentVouscédez
100%
Indicatif imparfaitVouscédiez
100%
Indicatif imparfaitNouscédions
100%
Indicatif présentNouscédons
100%
Indicatif passé composéIls/Ellesont cédé
100%
Indicatif futur simpleJecéderai
93%
Indicatif passé simpleNouscédâmes
87%
Indicatif passé simpleVouscédâtes
87%
Indicatif futur simpleIl/Elle/Oncédera
87%
Indicatif futur simpleTucéderas
87%
Indicatif futur simpleVouscéderez
87%
Indicatif futur simpleNouscéderons
87%
Indicatif futur simpleIls/Ellescéderont
87%
Indicatif futur antérieurJeaurai cédé
80%
Indicatif plus-que-parfaitIls/Ellesavaient cédé
80%
Indicatif plus-que-parfaitTuavais cédé
80%
Indicatif plus-que-parfaitJeavais cédé
80%
Indicatif plus-que-parfaitIl/Elle/Onavait cédé
80%
Indicatif plus-que-parfaitVousaviez cédé
80%
Indicatif plus-que-parfaitNousavions cédé
80%
Indicatif passé simpleIl/Elle/Oncéda
80%
Indicatif passé simpleJecédai
80%
Indicatif passé simpleTucédas
80%
Indicatif passé simpleIls/Ellescédèrent
80%
Subjonctif présentJecède
73%
InfinitifPrésentcéder
73%
Indicatif futur antérieurIl/Elle/Onaura cédé
67%
Indicatif futur antérieurTuauras cédé
67%
Indicatif futur antérieurVousaurez cédé
67%
Indicatif futur antérieurNousaurons cédé
67%
Impératif présentTucède
67%
Subjonctif présentIl/Elle/Oncède
67%
Conditionnel présentJecéderais
67%
Conditionnel présentTucéderais
67%
Conditionnel présentIl/Elle/Oncéderait
67%
Subjonctif présentTucèdes
67%
Impératif présentVouscédez
67%
Subjonctif présentVouscédiez
67%
Subjonctif présentNouscédions
67%
Impératif présentNouscédons
67%
Subjonctif présentIls/Ellescèdent
60%
Conditionnel présentVouscéderiez
60%
Conditionnel présentNouscéderions
60%
Indicatif passé antérieurNouseûmes cédé
60%
Indicatif passé antérieurIls/Elleseurent cédé
60%
Indicatif passé antérieurTueus cédé
60%
Indicatif passé antérieurJeeus cédé
60%
Indicatif passé antérieurIl/Elle/Oneut cédé
60%
Indicatif passé antérieurVouseûtes cédé
60%
ParticipePassécédé
53%
Conditionnel présentIls/Ellescéderaient
53%
Conditionnel passéIls/Ellesauraient cédé
47%
Conditionnel passéTuaurais cédé
47%
Conditionnel passéJeaurais cédé
47%
Conditionnel passéIl/Elle/Onaurait cédé
47%
Conditionnel passéVousauriez cédé
47%
Conditionnel passéNousaurions cédé
47%
Subjonctif passéJeaie cédé
40%
Subjonctif passéIls/Ellesaient cédé
40%
Subjonctif passéTuaies cédé
40%
Subjonctif passéIl/Elle/Onait cédé
40%
Indicatif futur antérieurIls/Ellesauraient cédé
40%
Subjonctif passéVousayez cédé
40%
Subjonctif passéNousayons cédé
40%
ParticipePrésentcédant
40%
Subjonctif plus-que-parfaitJeeusse cédé
33%
Subjonctif plus-que-parfaitIls/Elleseussent cédé
33%
Subjonctif plus-que-parfaitTueusses cédé
33%
Subjonctif plus-que-parfaitVouseussiez cédé
33%
Subjonctif plus-que-parfaitNouseussions cédé
33%
Subjonctif plus-que-parfaitIl/Elle/Oneût cédé
33%
InfinitifPasséavoir cédé
27%
Subjonctif imparfaitJecédasse
27%
Subjonctif imparfaitIls/Ellescédassent
27%
Subjonctif imparfaitTucédasses
27%
Subjonctif imparfaitVouscédassiez
27%
Subjonctif imparfaitNouscédassions
27%
Subjonctif imparfaitIl/Elle/Oncédât
27%
Impératif passéTuaie cédé
20%
Impératif passéVousayez cédé
20%
Impératif passéNousayons cédé
20%
GérondifPasséen ayant cédé
20%
GérondifPrésenten cédant
20%
ParticipePasséayant cédé
13%
Forme surcomposéeJeaie eu cédé
0%

Distribution des résultats

Percentile par nombre de réponses

% des personnes avec chaque résultat

Votre développement - résultats

Vous n’avez pas pris ce quiz